000 00779cam a2200217 4500
001 936
005 20181127162324.0
008 771212t19501926nyu b 00110 eng d
100 1 0 _aTawney, R. H.
_q(Richard Henry),
_d1880-1962.
245 1 0 _aReligion and the rise of capitalism :
_ba historical study /
_cby R. H. Tawney.
260 0 _aNew York :
_bNew American Library,
_c1954.
300 _a280 p. ;
_c18 cm.
440 0 _aHolland memorial lectures,
_v1922.
500 _a""A Mentor book.""
500 _aIncludes index.
504 _aBibliographical references included in ""Notes"" (p. 237-270)
650 0 _aCapitalism.
650 0 _aEconomics
_xReligious aspects
_xChristianity
_xHistory.
650 0 _aReligious thought
_xHistory.
651 0 _aGreat Britain
_xSocial conditions.
999 _c655
_d655